书目信息 |
| 题名: |
沟通障碍导论
|
|
| 作者: | Owens , Metz , Farinella 著 ;锜宝香 译 | |
| 分册: | ||
| 出版信息: | 台北 华腾文化股份有限公司 2012 |
|
| 页数: | 1册 | |
| 开本: | 26cm | |
| 丛书名: | ||
| 单 册: | ||
| 中图分类: | H018.4 | |
| 科图分类: | ||
| 主题词: | 语言障碍--研究 , 语言障碍 | |
| 电子资源: | ||
| ISBN: | 978-986-5998-13-4 | |
| 000 | 01034nam0 2200289 450 | |
| 001 | 1533351034 | |
| 005 | 20150201092136.06 | |
| 010 | @a978-986-5998-13-4@dTWD550.00 | |
| 092 | @b1 | |
| 100 | @a20141101d2012 em y0chiy50 ea | |
| 101 | 1 | @achi@ceng |
| 102 | @aCN@b710000 | |
| 105 | @ay z 001yy | |
| 200 | 1 | @a沟通障碍导论@9gou tong zhang ai dao lun@e以实证本为观点为导向@dIntroduction to communication disorders@ea lifespan evidence-based perspective@fRobert E. Owens,Dale Evan Metz,Kimberly A. Farinella著@g锜宝香[等]译@zeng |
| 210 | @a台北@c华腾文化股份有限公司@d2012 | |
| 215 | @a1册@d26cm@e1光盘 | |
| 305 | @a据原书第4版译出 | |
| 510 | 1 | @aIntroduction to communication disorders@ea lifespan evidence-based perspective@zeng |
| 606 | 0 | @a语言障碍@x研究 |
| 606 | 0 | @a语言障碍 |
| 690 | @aH018.4@v5 | |
| 701 | 1 | @aOwens@bRobert E.@4著 |
| 701 | 1 | @aMetz@bDale Evan@4著 |
| 701 | 1 | @aFarinella@bKimberly A.@4著 |
| 702 | 0 | @a锜宝香@9qi bao xiang@4译 |
| 801 | 0 | @aCN@bTSSF@c20150201 |
| 905 | @aZUCC@dH018.4@eJY7 | |
| 沟通障碍导论:以实证本为观点为导向=Introduction to communication disorders:a lifespan evidence-based perspective/Robert E. Owens,Dale Evan Metz,Kimberly A. Farinella著/锜宝香[等]译.-台北:华腾文化股份有限公司,2012 |
| 1册;26cm+1光盘 |
| ISBN 978-986-5998-13-4:TWD550.00 |
| ● |
| 相关链接 |
|
|
|
|
正题名:沟通障碍导论
索取号:H018.4/JY7
 
预约/预借
| 序号 | 登录号 | 条形码 | 馆藏地/架位号 | 状态 | 备注 |
| 1 | 7864123 | 278641230 | 学院路分馆/ [索取号:H018.4/JY7] | 在馆 |